000 00823na a2200265 4500
001 21244
003 MIRAKIL
005 20181213154844.0
008 170203b tu 000 0
035 _a21055
040 _aMilas
_btur
_cTR-AnCHP
041 _atur
082 _a324.2383
_bM54 1994
090 _a324.2383 M54 1994
110 _aMilliyetçi Hareket Partisi (MHP)
245 _aMilliyetçi Hareket Partisi tüzüğü
_cMHP
260 _aAnkara
_bMHP
_c1994
_fAtılım Ofset
300 _a116 s.
_c14 sm.
610 _aMilliyetçi Hareket Partisi (MHP)
_xPropaganda ve ideolojiler
610 _aMilliyetçi Hareket Partisi (MHP)
_xTüzükler, 1994
650 _aMilliyetçi partiler
_zTürkiye
710 _aMilliyetçi Hareket Partisi (MHP)
830 _aMilliyetçi Hareket Partisi
942 _2ddc
_cBKS
999 _c2058
_d2058